| 000 -CABECERA |
| Longitud fija campo de control |
00569nam a22002057a 4500 |
| 003 - IDENTIFICADOR DEL NÚMERO DE CONTROL |
| Identificador del número de control |
CDMR |
| 005 - FECHA Y HORA DE LA ÚLTIMA TRANSACCIÓN |
| Fecha y hora de la última transacción |
20151026134202.0 |
| 007 - CAMPO FIJO DE DESCRIPCIÓN FÍSICA |
| Campo fijo de descripción f&íacute;sica |
ta |
| 008 - CÓDIGOS DE INFORMACIÓN DE LONGITUD FIJA |
| Códigos de información de longitud fija |
131107s1968 esp||||f |||| 001 0 spa d |
| 024 ## - OTROS IDENTIFICADORES NORMALIZADOS |
| Fuente del número o código |
DL |
| Número normalizado o código |
NA4901968 |
| 040 ## - FUENTE DE LA CATALOGACIÓN |
| Centro catalogador de origen |
CDMR |
| Lengua de catalogación |
cat |
| Centro transcriptor |
CDMR |
| 100 ## - PUNTO DE ACCESO PRINCIPAL-NOMBRE DE PERSONA |
| 9 (RLIN) |
4296 |
| Nombre de persona |
Gloria Toranzo |
| 245 ## - MENCIÓN DE TÍTULO |
| Título |
El estilo y sus secretos |
| Mención de responsabilidad, etc. |
Gloria Toranzo |
| 260 ## - PUBLICACIÓN, DISTRIBUCIÓN, ETC. (PIE DE IMPRENTA) |
| Lugar de publicación, distribución, etc. |
Pamplona |
| Nombre del editor, distribuidor, etc. |
Universidad de Navarra |
| Fecha de publicación, distribución, etc. |
1968 |
| 300 ## - DESCRIPCIÓN FÍSICA |
| Extensión |
345 p. |
| 490 ## - MENCIÓN DE SERIE |
| Mención de serie |
Manuales de periodismo |
| Designación de volumen o secuencia |
2 |
| 654 ## - PUNTO DE ACCESO ADICIONAL DE MATERIA - TÉRMINO DE MATERIA FACETADOS |
| 9 (RLIN) |
3086 |
| Término principal |
Periodisme |
| Subdivisión de forma |
Manuals d'estil |
| 654 ## - PUNTO DE ACCESO ADICIONAL DE MATERIA - TÉRMINO DE MATERIA FACETADOS |
| 9 (RLIN) |
3772 |
| Término principal |
Periodisme--Manuals d'estil |
| 942 ## - ENTRADA DE ELEMENTOS AGREGADOS (KOHA) |
| Fuente de clasificaión o esquema |
|
| Koha [por defecto] tipo de item |
Monografies |